[Event "AUTO-ADV-4431"]
[Site "http://www.queenalice.com/game.php?id=1635489"]
[Date "2020.12.5"]
[Round "1"]
[White "worldwide"]
[Black "RamonSalves"]
[Result "0-1"]
[WhiteElo "1878"]
[BlackElo "1794"]

1. e4 e5 2. g3 Nc6 3. Bg2 Nf6 4. Nc3 Be7 5. d3 h6 6. Nf3 Bb4 7. Bd2 d6 8. a3
Bxc3 9. Bxc3 Bg4 10. Qd2 O-O 11. O-O-O b5 12. h3 Bxf3 13. Bxf3 a5 14. d4 exd4
15. Bxd4 Re8 16. e5 Nxe5 17. Bxa8 Qxa8 18. Bxe5 Rxe5 19. f4 Ne4 20. Qg2 Rc5 21.
Rhe1 d5 22. Rd4 b4 23. axb4 axb4 24. Kb1 Ra5 0-1

[Event "AUTO-ADV-4431"]
[Site "http://www.queenalice.com/game.php?id=1635490"]
[Date "2020.12.5"]
[Round "1"]
[White "RamonSalves"]
[Black "worldwide"]
[Result "0-1"]
[WhiteElo "1832"]
[BlackElo "1912"]

1. e4 e5 2. Nf3 Nc6 3. Nc3 d6 4. Bb5 Bd7 5. O-O h6 6. d4 exd4 7. Nxd4 Nge7 8.
Bf4 Ng6 9. Nxc6 bxc6 10. Bc4 Nxf4 11. Qf3 Ne6 12. Rad1 Ng5 13. Qf4 Be7 14. h4
Ne6 15. Bxe6 Bxe6 16. Rfe1 O-O 17. e5 Bxh4 18. exd6 cxd6 19. Rxd6 Qc7 20. Red1
Rad8 21. Qxh4 Rxd6 22. Rd3 Rfd8 23. a4 Bc4 24. Rg3 Re8 25. Qxc4 Re1+ 26. Kh2 Rg6
27. Ne4 Rxg3 28. fxg3 Qe5 29. Nf2 Qh5+ 30. Nh3 Qd5 31. Qxd5 cxd5 32. Nf4 d4 33.
Nd3 Ra1 34. b3 a5 35. g4 Ra2 36. Ne1 f6 37. Kg3 Kf7 38. Kf4 Ra1 39. Nd3 Rg1 40.
g3 Ke6 41. Ke4 Rxg3 42. Nc5+ Ke7 43. Kxd4 Rxg4+ 44. Kc3 h5 45. Nb7 Rg5 46. b4
axb4+ 47. Kxb4 h4 48. a5 Rxa5 49. Kxa5 h3 50. Nc5 h2 51. c4 h1=Q 52. Na6 Qc6 53.
c5 g5 54. Nb8 Qxc5+ 55. Ka6 g4 56. Kb7 g3 57. Nc6+ Qxc6+ 58. Kxc6 g2 0-1

[Event "AUTO-OPEN-4266"]
[Site "http://www.queenalice.com/game.php?id=1646919"]
[Date "2021.3.18"]
[Round "1"]
[White "patoche"]
[Black "RamonSalves"]
[Result "1-0"]
[WhiteElo "2687"]
[BlackElo "1837"]

1. e4 e5 2. Bc4 Nf6 3. d4 d5 4. dxe5 Nxe4 5. Bxd5 Bf5 6. Nc3 Bb4 7. Bxb7 Bxc3+
8. bxc3 Qxd1+ 9. Kxd1 Nxf2+ 10. Ke2 Nxh1 11. Bxa8 O-O 12. Nf3 Bg4 13. Bf4 Nd7
14. Bc6 Nc5 15. Rxh1 a5 16. Rb1 a4 17. Rb4 Bf5 18. Be3 Ne6 19. Bxa4 c5 20. Rc4
Rc8 21. Nh4 Bg4+ 22. Rxg4 g6 23. Nf5 Ra8 24. Bh6 Ra7 25. Bb3 Rc7 26. Ra4 f6 27.
Bxe6+ 1-0

[Event "AUTO-OPEN-4266"]
[Site "http://www.queenalice.com/game.php?id=1646920"]
[Date "2021.3.18"]
[Round "1"]
[White "RamonSalves"]
[Black "patoche"]
[Result "0-1"]
[WhiteElo "1899"]
[BlackElo "2681"]

1. e4 c6 2. d4 d5 3. Nc3 dxe4 4. Nxe4 Nf6 5. Nxf6+ exf6 6. Bc4 Na6 7. Qe2+ Qe7
8. Qxe7+ Bxe7 9. Bxa6 bxa6 10. Nf3 Bf5 11. Bf4 Bxc2 12. O-O Kd7 13. Rac1 Be4 14.
Nd2 Bd5 15. b3 g5 16. Bg3 h5 17. f3 h4 18. Bf2 Rae8 19. Rfe1 Bb4 20. Rxe8 Rxe8
21. Kf1 Bxd2 22. Rd1 Bf4 23. h3 a5 24. Be1 a4 25. b4 Bc4+ 26. Kg1 Bxa2 27. b5
cxb5 28. Bc3 Rc8 29. Ba1 b4 30. d5 a3 31. Bxf6 b3 32. Bd4 b2 0-1

[Event "AUTO-OPEN-4266"]
[Site "http://www.queenalice.com/game.php?id=1646945"]
[Date "2021.3.18"]
[Round "1"]
[White "CleitonNog1986"]
[Black "RamonSalves"]
[Result "1-0"]
[WhiteElo "1461"]
[BlackElo "1777"]

1. d4 d5 2. Nf3 e6 3. Bf4 Nf6 4. e3 Be7 5. Bb5+ c6 6. Bd3 O-O 7. O-O b6 8. Ne5
Bb7 9. Nd2 Nbd7 10. Ndf3 Nxe5 11. Nxe5 Bd6 12. h3 c5 13. c4 cxd4 14. exd4 Rc8
15. b3 Qc7 16. Rc1 Rfe8 17. cxd5 Qb8 18. g3 Rxc1 19. Qxc1 Bxd5 20. g4 Rc8 21.
Qb1 Qc7 22. Rc1 Qb7 23. Rxc8+ Qxc8 24. g5 Ne4 25. Bxe4 Bxe4 26. Qxe4 a5 27. Nc4
Bxf4 28. Qxf4 b5 29. Nd6 Qc7 30. h4 b4 31. h5 h6 32. gxh6 gxh6 33. Qg3+ Kf8 34.
Nc4 Qd7 35. Nxa5 Qxd4 36. Nc6 1-0

[Event "AUTO-OPEN-4266"]
[Site "http://www.queenalice.com/game.php?id=1646946"]
[Date "2021.3.18"]
[Round "1"]
[White "RamonSalves"]
[Black "CleitonNog1986"]
[Result "1-0"]
[WhiteElo "1773"]
[BlackElo "1467"]

1. d4 Nf6 2. c4 e6 3. Nf3 d5 4. cxd5 exd5 5. e3 Nc6 6. Bb5 Bd6 7. Nc3 Bd7 8. O-O
O-O 9. Bd3 h6 10. Bc2 a6 11. Qd3 Re8 12. Nxd5 Ne4 13. Nc3 f5 14. a3 Ne7 15. Nxe4
fxe4 16. Qxe4 Kf8 17. Qh7 Ng8 18. Bb3 Be6 19. d5 Bf7 20. Qd3 c5 21. Bc4 b5 22.
Bb3 c4 23. Bxc4 bxc4 24. Qxc4 Nf6 25. Rd1 Re4 26. Rd4 Bxd5 27. Qd3 Rxd4 28. Nxd4
Be4 29. Qc4 Bd5 30. Ne6+ Bxe6 31. Qxe6 Rc8 32. Bd2 Rc2 33. Bc3 Nd5 34. Qf5+ Nf6
35. Qxc2 1-0

[Event "AUTO-OPEN-4266"]
[Site "http://www.queenalice.com/game.php?id=1646963"]
[Date "2021.3.18"]
[Round "1"]
[White "RamonSalves"]
[Black "pomar"]
[Result "1-0"]
[WhiteElo "1819"]
[BlackElo "2052"]

1. e4 e6 2. d4 d5 3. c4 dxe4 4. Nc3 f5 5. Bf4 a6 6. f3 exf3 7. Nxf3 h6 8. Ne5
Nf6 9. Be2 g5 10. Bh5+ Nxh5 11. Qxh5+ Ke7 12. Qf7+ Kd6 13. c5# 1-0

[Event "AUTO-OPEN-4266"]
[Site "http://www.queenalice.com/game.php?id=1646964"]
[Date "2021.3.18"]
[Round "1"]
[White "pomar"]
[Black "RamonSalves"]
[Result "0-1"]
[WhiteElo "2075"]
[BlackElo "1875"]

1. f3 Nf6 2. Kf2 e5 3. e3 d5 4. c4 c6 5. cxd5 cxd5 6. Qb3 Be7 7. Bb5+ Bd7 8. Nc3
O-O 9. Nxd5 Nc6 10. Nxe7+ Nxe7 11. Ne2 a6 12. Bxd7 Qxd7 13. d4 exd4 14. Nxd4
Ned5 15. Rd1 Rac8 16. e4 Ne7 17. Nf5 Qc7 18. Nxe7+ Qxe7 19. Be3 Rc7 20. Rac1
Rxc1 21. Rxc1 Nh5 22. Kg1 b5 23. Qd5 Nf6 24. Qc6 Re8 25. Qxa6 b4 26. Bc5 Qc7 27.
Be3 Qe5 28. b3 h5 29. Qc4 h4 30. Qxb4 h3 31. gxh3 g6 32. Bd4 Qg5+ 33. Kf1 Qxc1+
34. Kg2 Qc2+ 35. Kg3 Nh5+ 36. Kh4 Qxh2 37. Qe1 Qf4# 0-1

[Event "Challenge"]
[Site "http://www.queenalice.com/game.php?id=1648861"]
[Date "2021.4.6"]
[Round "-"]
[White "RamonSalves"]
[Black "jorm"]
[Result "0-1"]
[WhiteElo "1833"]
[BlackElo "1902"]

1. e4 e5 2. d4 exd4 3. Qxd4 Nc6 4. Qd1 d6 5. Nc3 a6 6. Nf3 h6 7. Bc4 Nge7 8. O-O
Na5 9. Bd3 b6 10. Re1 f6 11. b3 Bb7 12. Bb2 Qd7 13. Nd5 O-O-O 14. Bc3 Qc6 15.
Bxa5 bxa5 16. a4 Nxd5 17. exd5 Qxd5 18. Qe2 Qc6 19. Bf5+ Kb8 20. Qd3 Bc8 21. Be4
Qb6 22. Rab1 f5 23. Bxf5 Bb7 24. c4 g5 25. Nd4 Bg7 26. Ne6 Rd7 27. c5 Qb4 28.
Rec1 Rf7 29. Nxg7 Rxg7 30. cxd6 Qxd6 31. Qc3 Qd5 32. Bh3 Rhg8 33. f3 h5 34. Rd1
Qc6 35. Rd8+ Rxd8 36. Qxg7 Qc5+ 37. Kh1 Rd4 38. Qg8+ Ka7 39. Qg6 Qd5 40. Kg1 Rh4
41. Bf5 Qd4+ 42. Kf1 Rxh2 43. Qxg5 Rh1+ 44. Ke2 Rxb1 45. Bxb1 Qb2+ 46. Kf1 Qxb1+
47. Kf2 Qxb3 48. Qxa5 Qb6+ 49. Qxb6+ Kxb6 50. Kg3 Ka5 51. Kh4 c5 52. f4 c4 53.
f5 c3 54. f6 Bd5 55. Kxh5 c2 56. g4 c1=Q 57. g5 Qh1+ 58. Kg6 Be4+ 59. Kf7 Qh5+
60. Ke6 Qe8+ 61. Kd6 Kb6 62. a5+ Kb5 0-1

[Event "AUTO-ADV-4487"]
[Site "http://www.queenalice.com/game.php?id=1650196"]
[Date "2021.4.20"]
[Round "1"]
[White "carlitomontana93270"]
[Black "RamonSalves"]
[Result "1-0"]
[WhiteElo "1711"]
[BlackElo "1881"]

1. c4 Nf6 2. d4 e6 3. e3 Be7 4. Nf3 O-O 5. Be2 c5 6. O-O cxd4 7. exd4 Nc6 8. Nc3
d6 9. Bd2 b6 10. b3 Re8 11. Qc2 Nb4 12. Qc1 Bb7 13. Nb5 Nc6 14. h3 a6 15. Nc3
Qc7 16. Be3 a5 17. Nb5 Qd7 18. Bd3 Nb4 19. Be2 Rac8 20. a3 Bxf3 21. Bxf3 Nd3 22.
Qd2 Nc5 23. dxc5 bxc5 24. Rad1 Rb8 25. Bxc5 Rxb5 26. cxb5 Qxb5 27. Bd4 e5 28.
Be3 e4 29. Be2 Qxb3 30. Rc1 Qxa3 31. Ra1 Qb3 32. Qxa5 Bd8 33. Qd2 Bc7 34. Rfc1
Bb6 35. Bxb6 Qxb6 36. Rab1 Qd8 37. Bb5 Re7 38. Rc6 d5 39. Rbc1 h6 40. Rc8 Qxc8
41. Rxc8+ Kh7 42. Rd8 Rb7 43. Rxd5 Re7 44. Rd8 Nh5 45. Re8 Rb7 46. Qe2 Nf6 47.
Re5 g6 48. Bc6 Rc7 49. Bxe4 Rc1+ 50. Kh2 Nh5 51. Bxg6+ Kxg6 52. Qxh5+ Kg7 53.
Rg5+ hxg5 54. Qxg5+ 1-0

[Event "AUTO-ADV-4487"]
[Site "http://www.queenalice.com/game.php?id=1650197"]
[Date "2021.4.20"]
[Round "1"]
[White "RamonSalves"]
[Black "carlitomontana93270"]
[Result "1/2-1/2"]
[WhiteElo "1897"]
[BlackElo "1870"]

1. e4 c5 2. Bc4 e6 3. Nc3 d6 4. Nf3 Nf6 5. O-O Be7 6. Be2 O-O 7. d3 Bd7 8. Bd2
Nc6 9. b3 b6 10. a3 h6 11. Bc1 Nh7 12. Bb2 f5 13. h3 fxe4 14. Nxe4 d5 15. Ng3
Bh4 16. Qd2 Bf6 17. c3 Ng5 18. Nxg5 Bxg5 19. f4 Bh4 20. f5 Bxg3 21. Qe3 Qc7 22.
fxe6 Rxf1+ 23. Rxf1 Be8 24. Qf3 Bh2+ 25. Kh1 Bd6 26. Qxd5 Kh8 27. c4 Ne5 28.
Qxa8 Qe7 29. Bxe5 Bxe5 30. Rf7 Qg5 31. Qxe8+ Kh7 32. Rf1 Qg3 33. Kg1 Bd4+ 34.
Kh1 Be5 35. Kg1 Bd4+ 36. Kh1 Be5 37. Kg1 1/2-1/2

[Event "AUTO-ADV-4487"]
[Site "http://www.queenalice.com/game.php?id=1650212"]
[Date "2021.4.20"]
[Round "1"]
[White "RamonSalves"]
[Black "wiktormool"]
[Result "0-1"]
[WhiteElo "1870"]
[BlackElo "1738"]

1. d4 e6 2. e4 c5 3. c3 cxd4 4. cxd4 Nc6 5. Nf3 Bb4+ 6. Bd2 Qb6 7. a3 Bxd2+ 8.
Qxd2 Nf6 9. Nc3 Na5 10. e5 Nb3 11. Qc2 Nxa1 12. Qd3 Nd5 13. Be2 Nxc3 14. O-O
Qxb2 15. a4 Nxe2+ 16. Kh1 Qc2 17. Qa3 Nb3 18. h3 Nbxd4 19. Nxd4 Nxd4 20. Rc1
Qxf2 21. Qd3 Ne2 22. Rd1 Ng3+ 23. Kh2 Nf5 24. Rd2 Qe3 25. Qc2 Qxe5+ 26. Kg1 b6
27. Re2 Qc5+ 28. Qxc5 bxc5 29. Rc2 d6 30. g4 Nd4 31. Rc1 Ne2+ 0-1

[Event "AUTO-ADV-4487"]
[Site "http://www.queenalice.com/game.php?id=1650213"]
[Date "2021.4.20"]
[Round "1"]
[White "wiktormool"]
[Black "RamonSalves"]
[Result "0-1"]
[WhiteElo "1750"]
[BlackElo "1858"]

1. c4 e5 2. a3 Bc5 3. e3 Nf6 4. Nc3 c6 5. b4 Be7 6. Bb2 O-O 7. h3 d5 8. Nf3 Nbd7
9. cxd5 cxd5 10. Bb5 a6 11. Bxd7 Bxd7 12. Nxe5 Bf5 13. Qf3 Bg6 14. d4 Be4 15.
Nxe4 dxe4 16. Qe2 Rc8 17. O-O Bd6 18. Nc4 Bb8 19. Na5 Qd7 20. Rfc1 Rxc1+ 21.
Rxc1 Qd6 22. g3 b6 23. Rc6 Qd7 24. Qxa6 Qxh3 25. Qf1 Qxf1+ 26. Kxf1 bxa5 0-1

[Event "AUTO-ADV-4487"]
[Site "http://www.queenalice.com/game.php?id=1650214"]
[Date "2021.4.20"]
[Round "1"]
[White "RamonSalves"]
[Black "squarsh"]
[Result "0-1"]
[WhiteElo "1912"]
[BlackElo "1907"]

1. e4 d5 2. d4 dxe4 3. Nc3 Nf6 4. Bc4 c6 5. Bg5 Bf5 6. Bxf6 gxf6 7. Nge2 Bg6 8.
Nf4 f5 9. O-O Qc7 10. Nxg6 hxg6 11. Qe2 e6 12. f3 Qxh2+ 13. Kf2 Qh4+ 14. Kg1 Bd6
15. f4 Bxf4 16. Rxf4 Qxf4 17. Nd1 Nd7 18. Nf2 e3 19. Nh3 Qg3 20. Qf3 Rxh3 21.
Qxg3 Rxg3 22. Re1 f4 23. Be2 O-O-O 24. Bf3 Nf6 25. c3 Rh8 26. a3 Rg5 27. Kf1 Ng4
28. Ke2 f5 29. Kd3 Nh2 30. Rh1 Kd7 31. b4 Ke7 32. a4 Kf7 33. c4 Kg7 34. d5 Nxf3
35. Rxh8 Kxh8 36. gxf3 exd5 37. cxd5 cxd5 38. b5 Rg2 0-1

[Event "AUTO-ADV-4487"]
[Site "http://www.queenalice.com/game.php?id=1650215"]
[Date "2021.4.20"]
[Round "1"]
[White "squarsh"]
[Black "RamonSalves"]
[Result "1-0"]
[WhiteElo "1932"]
[BlackElo "1896"]

1. e4 e5 2. Bc4 Nf6 3. Nc3 Be7 4. f4 exf4 5. Nf3 O-O 6. d4 Re8 7. Bxf4 Bb4 8. e5
Ne4 9. Qd3 Bxc3+ 10. bxc3 Nf6 11. O-O-O Ng4 12. Rdf1 d6 13. exd6 cxd6 14. h3 Nf6
15. Kb1 Nc6 16. Ng5 g6 17. Bxf7+ Kg7 18. Bxe8 Nxe8 19. g4 Nf6 20. d5 Ne5 21.
Bxe5 dxe5 22. Ne6+ Bxe6 23. dxe6 Qb6+ 24. Ka1 Qxe6 25. Qf3 Rf8 26. Qxb7+ Rf7 27.
Qb3 Qc6 28. g5 Nd5 29. Rxf7+ Kxf7 30. Rf1+ Kg7 31. c4 Ne7 32. c5 Nf5 33. Qc4 a5
34. h4 a4 35. h5 h6 36. gxh6+ Nxh6 37. hxg6 Kxg6 38. Rg1+ Kf5 39. Qd3+ Kf4 40.
Qg3+ Kf5 41. Qg5+ Ke4 42. Qg2+ 1-0

[Event "AUTO-ADV-4495"]
[Site "http://www.queenalice.com/game.php?id=1758823"]
[Date "2021.5.7"]
[Round "1"]
[White "Mferrari"]
[Black "RamonSalves"]
[Result "0-1"]
[WhiteElo "1920"]
[BlackElo "1794"]

1. e4 e5 2. Nf3 d6 3. Bc4 Nf6 4. d3 Bg4 5. c3 Be7 6. Qb3 d5 7. Bxd5 Nxd5 8. exd5
Bxf3 9. gxf3 O-O 10. Rg1 Nd7 11. Bh6 Bf6 12. Nd2 Nc5 13. Qc4 c6 14. Qxc5 cxd5
15. Qe3 Kh8 16. Bg5 d4 17. cxd4 exd4 18. Bxf6 Qxf6 19. Qg5 Rae8+ 20. Kd1 Re1+
0-1

[Event "AUTO-ADV-4495"]
[Site "http://www.queenalice.com/game.php?id=1758824"]
[Date "2021.5.7"]
[Round "1"]
[White "RamonSalves"]
[Black "Mferrari"]
[Result "1-0"]
[WhiteElo "1815"]
[BlackElo "1899"]

1. e4 e5 2. Nf3 Nc6 3. d4 exd4 4. Nxd4 Bc5 5. c3 Nf6 6. Bg5 h6 7. Be3 Nxe4 8.
Nxc6 dxc6 9. Qxd8+ Kxd8 10. Bxc5 Nxc5 11. Nd2 Re8+ 12. Be2 Nd3+ 13. Kf1 Nxb2 14.
Nf3 Na4 15. Rd1+ Ke7 16. Nd4 Nxc3 17. Rd2 Kf8 18. Rc2 Nxe2 19. Nxe2 Be6 20. f3
b5 21. Kf2 1-0

[Event "AUTO-ADV-4495"]
[Site "http://www.queenalice.com/game.php?id=1758839"]
[Date "2021.5.7"]
[Round "1"]
[White "worldwide"]
[Black "RamonSalves"]
[Result "1-0"]
[WhiteElo "1881"]
[BlackElo "1807"]

1. e4 e5 2. Nc3 d6 3. d3 Be7 4. Nf3 Bg4 5. Be2 Nf6 6. h3 Bd7 7. Be3 O-O 8. Qd2
Nc6 9. g4 d5 10. exd5 Nb4 11. Nxe5 Bc8 12. f4 Nbxd5 13. Bf2 Bb4 14. g5 Bxc3 15.
bxc3 Nd7 16. c4 N5b6 17. Nxd7 Qxd7 18. O-O-O Qd6 19. Rhg1 Na4 20. Qa5 Qa3+ 21.
Kd2 b6 22. Qe5 Qb4+ 23. c3 Qb2+ 24. Ke1 Bxh3 25. Bd4 Rae8 26. Qxg7# 1-0

[Event "AUTO-ADV-4495"]
[Site "http://www.queenalice.com/game.php?id=1758849"]
[Date "2021.5.7"]
[Round "1"]
[White "avieytoa"]
[Black "RamonSalves"]
[Result "1-0"]
[WhiteElo "1891"]
[BlackElo "1820"]

1. e4 e5 2. Nf3 d6 3. Bc4 Bg4 4. h3 Bh5 5. Nc3 Nf6 6. d3 Nc6 7. Bg5 Nd4 8. g4
Bg6 9. Nd5 Be7 10. Nh4 Nxd5 11. Bxe7 Nxe7 12. c3 Ndc6 13. Qf3 O-O 14. a3 Na5 15.
Ba2 Nec6 16. Nxg6 hxg6 17. b4 a6 18. bxa5 Nxa5 19. O-O c6 20. Rab1 b5 21. Qg2
Rb8 22. f4 Qb6+ 23. Qf2 c5 24. fxe5 Rb7 25. e6 c4 26. Qxb6 Rxb6 27. dxc4 fxe6
28. cxb5 Rxf1+ 29. Kxf1 Kf8 30. Bxe6 axb5 31. a4 Nc4 32. Bxc4 Ke7 33. axb5 Kf6
34. Bd5 Ke5 35. c4 Kf4 36. Kg2 g5 37. Rf1+ Ke3 38. Rf7 g6 39. Rb7 Rxb7 40. Bxb7
Kd4 41. Bd5 Kc5 42. Kg3 Kb6 43. h4 gxh4+ 44. Kxh4 Kc5 45. Kg5 1-0

[Event "AUTO-ADV-4495"]
[Site "http://www.queenalice.com/game.php?id=1758850"]
[Date "2021.5.7"]
[Round "1"]
[White "RamonSalves"]
[Black "avieytoa"]
[Result "0-1"]
[WhiteElo "1849"]
[BlackElo "1856"]

1. d4 d5 2. e3 Nc6 3. Bb5 Bd7 4. Nf3 a6 5. Be2 Nf6 6. O-O Ne4 7. c3 Bg4 8. Nbd2
e6 9. Nxe4 dxe4 10. h3 Bh5 11. Nd2 Bxe2 12. Qxe2 f5 13. f3 exf3 14. Qxf3 g6 15.
e4 Bg7 16. exf5 exf5 17. b3 Nxd4 18. Qe3+ Qe7 19. Qxe7+ Kxe7 20. Re1+ Kd7 21.
Bb2 Nc2 22. Red1 Nxa1 23. Bxa1 Rae8 24. Nc4+ Kc8 25. a4 Re2 26. b4 Rhe8 27. b5
Re1+ 28. Rxe1 Rxe1+ 29. Kf2 Rxa1 30. Nb2 Ra2 0-1

[Event "AUTO-ADV-4524"]
[Site "http://www.queenalice.com/game.php?id=1765515"]
[Date "2021.7.27"]
[Round "1"]
[White "Boeing"]
[Black "RamonSalves"]
[Result "1-0"]
[WhiteElo "1862"]
[BlackElo "1818"]

1. e4 e5 2. Qh5 d6 3. Bc4 g6 4. Qf3 Nf6 5. h3 Bg7 6. d4 O-O 7. dxe5 dxe5 8. Ne2
Nc6 9. c3 Bd7 10. O-O a6 11. Bg5 b5 12. Bxf6 1-0

[Event "AUTO-ADV-4524"]
[Site "http://www.queenalice.com/game.php?id=1765516"]
[Date "2021.7.27"]
[Round "1"]
[White "RamonSalves"]
[Black "Boeing"]
[Result "0-1"]
[WhiteElo "1834"]
[BlackElo "1829"]

1. e4 e5 2. d4 exd4 3. Nf3 c5 4. c3 Nf6 5. cxd4 cxd4 6. Bg5 Be7 7. Qxd4 Nc6 8.
Qd1 Nxe4 9. Bxe7 Qxe7 10. Be2 O-O 11. O-O Re8 12. Re1 d5 0-1

[Event "AUTO-ADV-4524"]
[Site "http://www.queenalice.com/game.php?id=1765524"]
[Date "2021.7.27"]
[Round "1"]
[White "RamonSalves"]
[Black "fbg"]
[Result "0-1"]
[WhiteElo "1804"]
[BlackElo "1793"]

1. e4 e5 2. d4 exd4 3. Nf3 Nc6 4. Nxd4 Nxd4 5. Qxd4 c5 6. Qe5+ Qe7 7. Qf4 Nf6 8.
Nc3 d5 9. Bb5+ Bd7 10. Bxd7+ Qxd7 11. Nxd5 Nxd5 0-1